[Event "Regionalliga SW 1112"]
[Site "Bayern"]
[Date "2011.10.02"]
[Round "1.1"]
[White "Gallmeier, Eike"]
[Black "Kosic, Dragan"]
[Result "0-1"]
[WhiteElo "1888"]
[BlackElo "2526"]
[PlyCount "71"]
[EventDate "2011.10.02"]
[EventType "team-tourn"]
[EventRounds "9"]
[EventCountry "GER"]
[SourceTitle "EXT 2013"]
[Source "ChessBase"]
[SourceDate "2012.11.22"]
[SourceVersion "1"]
[SourceVersionDate "2012.11.22"]
[SourceQuality "1"]
[WhiteTeam "Kaufbeuren"]
[BlackTeam "Muenchen Suedost"]
[WhiteTeamCountry "GER"]
[BlackTeamCountry "GER"]

1. e4 e6 2. d3 d5 3. Nd2 Nf6 4. Ngf3 b6 5. Be2 Bb7 6. e5 Nfd7 7. d4 c5 8. c3 Nc6 9. 0-0 Be7 10. Bd3 g5 11. Bb5 g4 12. Ne1 cxd4 13. f4 dxc3 14. bxc3 h5 15. Nb3 Qc7 16. Be3 a6 17. Be2 Nc5 18. Nd4 Na5 19. Nd3 Nc4 20. Bf2 Ne4 21. Qc2 Na3 22. Qb3 Nc4 23. Qc2 0-0-0 24. Rfc1 Rdg8 25. g3 h4 26. Bf1 hxg3 27. hxg3 Ncd2 28. Bg2 Nf3+ 29. Kf1 Rh2 30. Rd1 Qc4 31. Rac1 Rgh8 32. Qe2 Rxg2 33. Kxg2 Rh2+ 34. Kf1 Rxf2+ 35. Qxf2 Nxf2 36. Kxf2 0-1